| 000 | 00696nam a2200181Ia 4500 | ||
|---|---|---|---|
| 001 | 15520 | ||
| 003 | IN-NITTTR | ||
| 005 | 20251114233146.0 | ||
| 008 | 251113s9999||||xx |||||||||||||| ||eng|| | ||
| 040 | _beng | ||
| 040 | _cIN-NITTTR | ||
| 041 | _aeng | ||
| 082 | _a370.71 A41R | ||
| 100 | _aAPEID Regional Technical Working Group Cum Training Workshop on In- Service Training of Educational Personnel, | ||
| 245 | 0 |
_aReport on teacher development for better pupil achievement. / _cAPEID Regional Technical Working Group Cum Training Workshop on In- Service Training of Educational Personnel, Chiangmai, Thailand, 29 October- 16 November 1985. |
|
| 260 |
_aChiangmai _c1985 |
||
| 942 |
_2ddc _cBK |
||
| 999 |
_c18154 _d18154 |
||